000 01872cam a2200277 4500500
005 20260329011023.0
041 _afre
042 _adc
100 1 0 _aBéduchaud, Diane
_eauthor
245 0 0 _aLes jeunes aidantes et aidants, un sujet émergent pour la recherche et l’action publique
260 _c2023.
500 _a26
520 _aCet article présente les chiffres les plus récents concernant le caractère genré de l’aide aux proches dépendants et propose quelques pistes d’interprétation. Les données et observations sont issues de l’enquête Care (Drees, 2015) et de la post-enquête Pegase (Banens et al., 2018). Les résultats sont contrastés. Les pratiques de l’aide – le fait d’aider ou non, la part de l’aide prise en charge – s’avèrent peu genrées, à l’exception notable des fils et filles de fratries mixtes. En revanche, les conséquences négatives de l’aide – fatigue, dépression, anxiété et autres troubles – sont très genrées, y compris là où les pratiques ne le sont pas. Il pourrait s’agir, du moins partiellement, d’un conflit entre rôle d’aidant et rôle de genre. De façon inattendue, le rôle d’aidant semble mieux convenir aux hommes qu’aux femmes, car représentant la force, la protection des faibles. L’homme aidant est héroïsé, la femme aidante rencontre de la compassion.
690 _aaidant familial
690 _adépendance
690 _afamille
690 _ahandicap
690 _ajeunes aidants
690 _ajeunesse
690 _amaladie
690 _aproche aidant
690 _arelations intergénérationnelles
690 _asolidarité familiale
786 0 _nInformations sociales | 208 | 4 | 2023-05-03 | p. 33-37 | 0046-9459
856 4 1 _uhttps://shs.cairn.info/revue-informations-sociales-2022-4-page-33?lang=fr&redirect-ssocas=7080
999 _c1857893
_d1857893